| 000 | 00767cam a2200217 4500 | ||
|---|---|---|---|
| 001 | WB3812-03 | ||
| 008 | 020404n2002 000 0 eng u | ||
| 035 | _a(Sirsi) u117363 | ||
| 245 | _aBMI Building Maintenance Price Book 2002 | ||
| 260 | _C2002 | ||
| 490 |
_aBCIS Press Release _v April 2002, (2) |
||
| 520 | _aThis recent publication provides means of checking rates for building maintenance, repairs and rehabilitation work. It is the only annual price guide exclusively for this sector of the construction industry. | ||
| 590 | _aWB | ||
| 650 | _aBUILT ENVIRONMENT-BUILDING MAINTENANCE AND REFURBISHMENT | ||
| 650 | _aCOSTS | ||
| 650 | _aPRICES | ||
| 650 | _aREPAIRS | ||
| 650 | _aREHABILITATION COSTS | ||
| 690 | _aBUILT ENVIRONMENT | ||
| 942 | _n0 | ||
| 999 |
_c69920 _d69920 |
||